Culture générale - Quiz #28 - Statistiques

Statistiques générales
  • Ce quiz a été pris 64 001 fois
  • Le résultat moyen est 9 sur 20
Statistiques - réponses
Question Réponse % Correct
Quel condiment est réputé pour éloigner les vampires ? L'ail
97%
Que signifie le mot espagnol "cabeza" ? Tête
85%
Les veines ramènent le sang vers le coeur. Comment sont appelés les vaisseaux qui le transportent du coeur vers les organes ? Les artères
69%
De quelle divinité romaine le vendredi tient-il son nom ? Vénus
66%
Quel type de drapeau est utilisé pour signaler le début ou la fin d'une course automobile ? Un drapeau à {damier}
65%
Quel mouvement artistique a été fondé par Pablo Picasso et Georges Braque ? Le cubisme
61%
Quelle ville italienne était autrefois dirigée par un doge, dont le palais est aujourd'hui visitable place Saint-Marc ? Venise
59%
Qui a fabriqué Pinocchio ? Geppetto
58%
Quel judoka, l'un des français les plus titrés de l'histoire dans sa catégorie, a occupé le poste de Ministre des Sports ? David Douillet
45%
Complétez la phrase : Une pomme par jour éloigne le _______ pour toujours Médecin
42%
Quel tubercule très répandu a pour nom savant Solanum tuberosum ? La pomme de terre
41%
Quel animal pousse des braiments ? L'âne
35%
Qui a inventé la dynamite ? Alfred Nobel
31%
Quel parti politique britannique Tony Blair a-t-il dirigé ? Le Parti travailliste
30%
Quel exploit Sir Edmund Hillary et Tensing Norgay furent-ils les premiers à accomplir en 1953 ? L'ascension de l'Everest
25%
Quel est l'animal national des États-Unis ? Le Pygargue à tête blanche
25%
Quel roi de France était surnommé "le Bel" ? Philippe IV
22%
À quoi la force de Samson est-elle liée ? La longueur de ses cheveux
20%
Dans quel pays se trouve l'origine du groupe ethnique des Roms ? L'Inde
13%
Quel terme désigne plus communément l'halitose ? Mauvaise haleine
10%
Aucun quiz correspondant
Distribution des résultats
% des personnes avec chaque résultat
Percentile par nombre de réponses
Votre historique - résultats
Vous n’avez pas pris ce quiz